TfL London Underground - Piccadilly Line - Statistics

General Stats
  • This quiz has been taken 38 times
  • The average score is 29 of 53
Answer Stats
Answer % Correct
Cockfosters
83%
Piccadilly Circus
80%
South Kensington
74%
Arsenal
71%
Green Park
71%
Uxbridge
71%
Acton Town
69%
Earl's Court
69%
Holborn
69%
Leicester Square
69%
Finsbury Park
66%
Hammersmith
66%
Heathrow Terminal 4
66%
Heathrow Terminal 5
66%
King's Cross St. Pancras
66%
Covent Garden
63%
Gloucester Road
57%
Hyde Park Corner
57%
Turnpike Lane
57%
Arnos Grove
54%
Caledonian Road
54%
Knightsbridge
54%
Park Royal
54%
Russell Square
54%
South Ealing
54%
Barons Court
51%
Holloway Road
51%
Hounslow East
51%
Manor House
51%
Oakwood
51%
Wood Green
51%
Hatton Cross
49%
Hounslow Central
49%
Rayners Lane
49%
Southgate
49%
Sudbury Hill
49%
Sudbury Town
49%
Alperton
46%
Boston Manor
46%
Bounds Green
46%
Hounslow West
46%
North Ealing
46%
Northfields
46%
Osterley
46%
Ruislip
46%
Turnham Green
46%
Ealing Common
43%
Hillingdon
43%
South Harrow
43%
Heathrow Terminal 2&3
40%
Ickenham
40%
Eastcote
37%
Ruislip Manor
37%
No matching quizzes found
Score Distribution
Percent of People with Each Score
Percentile by Number Answered
Your Score History
You have not taken this quiz